| 000 | 00732nam a2200217 i 4500 | ||
|---|---|---|---|
| 001 | 149433 | ||
| 003 | ES-MaACL | ||
| 005 | 20230906203113.0 | ||
| 007 | t| | ||
| 008 | 071022s1961 sp ||||1| spa d | ||
| 100 | 1 |
_aVela y Cueto, María. _9113695 |
|
| 245 | 1 | 0 |
_aAutobiografía y Libro de las mercedes / _cMaría Vela y Cueto ; introducción y edición de Olegario González Hernández... |
| 260 |
_aBarcelona : _bJuan Flors, _c1961. |
||
| 300 |
_aVIII, 404 p., 1 lám. ; _c18 cm. |
||
| 490 | 1 | _aEspirituales españoles | |
| 650 |
_aMisticismo. _915086 |
||
| 700 | 1 |
_aGonzález Hernández, Olegario. _958705 |
|
| 830 | 0 |
_aEspirituales españoles _9221087 |
|
| 852 |
_aES-MaACL _jF-15611 _bR.49087 |
||
| 999 |
_c149433 _d149433 |
||